Realita ďalších dní

Prognózované prejavy globalizácie na slovenskom maloobchodnom trhu a najmä na trhu rýchloobrátkového tovaru. Očakávaný vývoj v slovenskom maloobchode po nástupe zahraničných operátorov smerom k nižším cenám. Rozšíri sa priestor pre virtuálne obchodné domy.

Enregistré dans:
Détails bibliographiques
Auteur principal: Tomčík, Peter
Format: Chapitre de livre
Langue:slovaque
Sujets:
Tags: Ajouter un tag
Pas de tags, Soyez le premier à ajouter un tag!

MARC

LEADER 00000naa a2200000 4500
001 r038007
005 20231003110946.4
041 0 |a slo 
044 |a SK 
245 1 0 |a Realita ďalších dní  |c Peter Tomčík 
520 |a Prognózované prejavy globalizácie na slovenskom maloobchodnom trhu a najmä na trhu rýchloobrátkového tovaru. Očakávaný vývoj v slovenskom maloobchode po nástupe zahraničných operátorov smerom k nižším cenám. Rozšíri sa priestor pre virtuálne obchodné domy. 
610 2 0 |a maloobchod 
610 2 0 |a prognózy 
610 2 0 |a globalizácia 
610 2 0 |a trh 
610 2 0 |a tovar 
610 2 0 |a investície zahraničné 
610 2 0 |a siete obchodné 
610 2 0 |a znižovanie cien 
610 2 0 |a domy obchodné virtuálne 
610 2 0 |a Slovensko 
100 1 |a Tomčík, Peter